Battle Of The Baby Names: Boys Quiz Stats

 Plays Quiz Updated Feb 2, 2015

Challenge
Share
Tweet
Embed
Score 0/60 Timer 10:00
3 Plays Today
% Correct
William
78.1%
William
78.1%
William
78.1%
Michael
78%
Michael
78%
James
76.8%
James
76.8%
James
76.8%
James
75.4%
Thomas
64.1%
Thomas
62.8%
Jack
59.8%
Jack
59.8%
Jack
59.8%
Jack
58.1%
Harry
57.1%
Daniel
56.7%
Daniel
56.7%
Harry
55.6%
Jacob
55.1%
Jacob
52.9%
Jacob
52.7%
Liam
50.2%
Alex
48.2%
Liam
46.3%
Samuel
46.2%
Benjamin
44%
Joshua
43.3%
Sean
42.4%
Joshua
42.1%
% Correct
Adam
42%
Ryan
41.9%
Alexander
40.6%
Ethan
38.4%
Ethan
36.3%
Ethan
36.3%
Oliver
36.2%
Nathan
35.2%
Oliver
35.1%
Ethan
33.9%
Lucas
33.4%
Lucas
33.4%
Lucas
33.4%
Noah
32.9%
Oliver
32.9%
Noah
31.6%
Noah
31.6%
Noah
31.6%
Aiden
30.1%
Jackson
29.5%
Aiden
28.5%
Charlie
28.4%
Mason
24.7%
Mason
22.5%
Logan
21.3%
Jayden
17.7%
Conor
10.1%
Alfie
9.6%
Cooper
9.1%
Lachlan
4.4%

You're not logged in!

Compare scores with friends on all Sporcle quizzes.
Join for Free
OR
Log In

You Might Also Like...

Show Comments

Extras

Top Quizzes Today


Score Distribution

Your Account Isn't Verified!

In order to create a playlist on Sporcle, you need to verify the email address you used during registration. Go to your Sporcle Settings to finish the process.

Report this User

Report this user for behavior that violates our Community Guidelines.

Details: